Firmy osób w TOP 10 ostatnich 5 lat - Statystyki

Ogólne statystyki
  • Ten quiz został rozwiązany 13 razy
  • Średni wynik to 10 z 17
Statystyki odpowiedzi
Osoba Ranking Miejsce Państwo Branża Firma % Poprawnych
Mark Zuckerberg Forbes 25 2 USA Media społecznościowe Facebook
100%
Larry Page Forbes 25 7 USA Przeglądarka Google
100%
Sergey Brin Forbes 25 8 ZSRR Przeglądarka Google
100%
Steve Ballmer Forbes 25 10 USA Przedsiębiorstwo informatyczne Microsoft
92%
Bill Gates Forbes 24 7 USA Przedsiębiorstwo informatyczne Microsoft
92%
Elon Musk Forbes 25 1 USA/RPA Samochody, kosmos, media społecznościowe Tesla/SpaceX/X
92%
Jeff Bezos Forbes 25 3 USA Sprzedaż internetowa Amazon
85%
Amancio Ortega Forbes 25 9 Hiszpania Sklep odzieżowy Zara
62%
Micheal Bloomberg Forbes 23 7 USA Agencja prasowa Bloomberg
38%
Larry Ellison Forbes 25 4 USA Oprogramowanie Oracle
38%
Bernard Arnault Forbes 25 5 Francja Perfumy, odzież LMVH
31%
Jim Walton Forbes 20 8 USA Handel Walmart
31%
Alice Walton Forbes 20 9 USA Handel Walmart
31%
S. Robson Walton Forbes 20 10 USA Handel Walmart
31%
Warren Buffett Forbes 25 6 USA Koncern Berkshire Hathaway
15%
Carlos Slim Helú Forbes 23 8 Meksyk Telekomunikacja Telmex
15%
Mukesh Ambani Forbes 24 9 Indie Energia, Gaz Reliance Industries
8%
Nie znaleziono quizów pasujących do podanych kryteriów
Rozkład punktacji
Procent ludzi z każdym wynikiem
Percentyl według liczby udzielonych odpowiedzi
Twoja historia wyników
Nie rozwiązałeś tego quizu